Tizas de colores /
Herminia Brumana fue maestra y escritora de inspiración anarquista. Desempeñó su actividad docente en Pigüé, su ciudad natal en el sur de la provincia de Buenos Aires. Tizas de colores, originalmente publicado en 1932 y reeditado en una versión artesanal impresa en cuadernos Rivadavia, es un conjunt...
Guardado en:
| Autor Principal: | |
|---|---|
| Formato: | Libro |
| Idioma: | Undetermined |
| Publicado: |
Villa Ventana :
Maravilla,
2023.
|
| Edición: | 1a ed. |
| Series: | Identidades bonaerenses
|
| Materias: | |
| Etiquetas: |
Agregar Etiqueta
Sin Etiquetas, Sea el primero en etiquetar este registro!
|
| LEADER | 01695nam a22002415a 4500 | ||
|---|---|---|---|
| 001 | CEM.cems024845 | ||
| 008 | 250807s2023####ag############000#0#und#d | ||
| 005 | 20250807135219.0 | ||
| 245 | 1 | 0 | |a Tizas de colores / |c Herminia Brumana. |
| 250 | |a 1a ed. | ||
| 260 | |a Villa Ventana : |b Maravilla, |c 2023. | ||
| 300 | |a 60 p. | ||
| 490 | 1 | |a Identidades bonaerenses | |
| 500 | |a Edición especial de la Dirección de Cultura y Educación de la Provincia de Buenos Aires. | ||
| 520 | |a Herminia Brumana fue maestra y escritora de inspiración anarquista. Desempeñó su actividad docente en Pigüé, su ciudad natal en el sur de la provincia de Buenos Aires. Tizas de colores, originalmente publicado en 1932 y reeditado en una versión artesanal impresa en cuadernos Rivadavia, es un conjunto de crónicas de la escuela primaria. Textos que, a partir de las narraciones y reflexiones en primera persona de una docente bonaerense, proponen un diálogo entre diferentes miradas sobre el ejercicio de la docencia en la provincia de Buenos Aires, sus cambios y permanencias, desafíos actuales, deudas internas, representación de infancias, de familia y sociedad, y la relación de esta con la escuela. Un libro necesario en los ámbitos de formación docente de todos los niveles. Cuaderno de enseñanza, bitácora docente, documento histórico. Todo esto y mucho más es este libro, testimonio de una docente bonaerense de principios del siglo veinte. | ||
| 020 | |a 9789874779762 | ||
| 100 | 1 | |a Brumana, Herminia. | |
| 653 | |a Educación | ||
| 653 | |a Crónicas | ||
| 653 | |a Feminismo | ||
| 653 | |a ESI | ||
| 653 | |a Identidades bonaerenses | ||
| 859 | |a CEMS |b BIB. CEMS - 11 de abril |h 371.72 |i B893 |p 30282.25 |t Ej.1 | ||
